000 00310nam a22001217a 4500
008 230703b xxu||||| |||| 00| 0 eng d
082 _a342
_bI618 2001
245 _aConstitutional & Parliamentary Information
260 _bInter-Parliamentary Union
_c2001
300 _a224p
440 _n181
942 _2ddc
_cBK
999 _c3237
_d3237